Twenty One Pilots - City Walls (Lyrics) - Statistics

General Stats
  • This quiz has been taken 147 times
  • The average score is 321 of 431
Answer Stats
Answers % Correct
I
97%
you
97%
you,
97%
You
97%
a
96%
me,
96%
me
96%
the
94%
The
94%
up
94%
up,
94%
to
91%
To
91%
with
90%
can
89%
It
89%
it
89%
Square
87%
city
86%
in
86%
take
86%
walls
86%
when
86%
who
86%
no
84%
where
83%
are
81%
around
81%
is
81%
my
81%
My
81%
my,
81%
way
81%
it's
80%
on
80%
right,
80%
right
80%
show
80%
wonder
80%
breach
79%
by
79%
move
79%
that
77%
this
77%
This
77%
time,
77%
time
77%
wanted
76%
last
74%
left
74%
Now
74%
now
74%
Pair
74%
But
73%
but
73%
fallen
73%
for
73%
night
73%
try
73%
faith
71%
I'm
71%
soul,
71%
soul
71%
we
71%
Entertain
70%
entertain
70%
Oh-
70%
oh
70%
sun
70%
your
70%
be
69%
chest
69%
through
69%
has
67%
how
66%
of
66%
don't
64%
keep
64%
like
64%
throw
64%
Two,
64%
two,
64%
two
64%
Abandoned
63%
head,
63%
splitting
63%
formation
61%
impatient
61%
pretty
61%
smile
61%
we've
61%
Address
60%
address
60%
half
60%
have
60%
those
60%
wraps
60%
island
59%
reached
59%
Serpentine
59%
violence
59%
clue
57%
furthest
57%
team,
57%
top
57%
come
56%
Glued,
56%
glued,
56%
glued
56%
run
56%
surface
56%
and
54%
end
54%
was
54%
Was
54%
mainland
53%
quiet
53%
tell
53%
etched
51%
From
51%
might
51%
moving
51%
pen
51%
yellow
51%
as
50%
pencil,
50%
that's
50%
waiting
50%
again
49%
back
49%
Buddy,
49%
Lines
49%
then
49%
Warpath
49%
write
49%
dream?
47%
not
47%
promise
47%
see,
47%
or
46%
what
46%
would
46%
mistake
44%
out
44%
same
44%
thought
44%
while,
44%
picture
43%
tape,
43%
they're
43%
down,
41%
I'ma
41%
loyalty's
41%
plan
41%
retreat
41%
did
40%
trace
40%
crooked
39%
rip
39%
there
39%
stencil,
37%
Use
37%
happen,
36%
Buckle
34%
decided
34%
possibly
34%
sideswipe
34%
woah
34%
woah-
34%
wondering
34%
entrance,
33%
seat
33%
send
30%
No matching quizzes found
Score Distribution
Percent of People with Each Score
Percentile by Number Answered
Your Score History
You have not taken this quiz